| Поле | Инд. | ПП | Название | Значение |
|---|---|---|---|---|
| Тип записи | a | |||
| Библиографический уровень | m | |||
| 001 | Контрольный номер | 4bf6dae830a04258b95dd0a3a027bda4 | ||
| 005 | Дата корректировки | 20260402094639.5 | ||
| 008 | Кодируемые данные | 251217|||||||||ru |||||||||||||||||rus|| | ||
| 020 | a | ISBN | 978-5-907905-44-3 (общ.) | |
| 020 | a | ISBN | 978-5-907905-45-0 (Ч.1) | |
| 041 | 0_ | a | Код языка текста | rus |
| 084 | a | Индекс другой классификации/Индекс ББК | 54.5я73 | |
| 090 | a | Полочн. индекс | 54.5 | |
| x | Авторский знак | С 23 | ||
| 203 | a | Вид содержания | Текст | |
| c | Тип средства | непосредственное | ||
| 245 | 10 | a | Заглавие | Сборник лекций по общей хирургии |
| n | Номер части/ раздела | Часть 1 | ||
| b | Продолж. заглавия | учебное пособие по дисциплине "Общая хирургия" для специальности 31.05.01 "Лечебное дело" | ||
| c | Ответственность | Министерство науки и высшего образования Российской Федерации, Федеральное государственное автономное образовательное учреждение высшего образования "Мурманский арктический университет" ; автор-составитель А. В. Шубин | ||
| 260 | a | Место издания | Мурманск | |
| b | Издательство | МАУ | ||
| c | Дата издания | 2025 | ||
| 300 | a | Объем | 231 с. | |
| b | Иллюстрации/ тип воспроизводства | цв. ил. | ||
| 500 | a | Примечание | Имеется электрон. аналог 2025 г. | |
| 504 | a | Библиография | Библиогр.: с. 227-231 | |
| 520 | 0_ | a | Аннотация | В учебном пособии системно изложены общие вопросы: история развития и становления хирургии как комплекса научных дисциплин, включающих проблемы асептики и антисептики, учение о крови, показания к гемотрансфузии, основы анестезиологии и реаниматологии, особенности обследования больных хирургического профиля, подробно изложены интраоперационный период и послеоперационное ведение, виды хирургических вмешательств; заявленные в кодификаторе вопросы анатомии и физиологии представлены с целью формирования у обучающихся понимания роли и места хирургии в современной медицине; отдельно представлены термические поражения, травмы, хирургическая инфекция и ее роль в развитии гнойно-воспалительных заболеваний, эволюция и современные представления об онкогенезе, диагностике и лечении опухолей; в отдельной лекции представлены пороки развития. Медицина глубоко социальна, в связи с этим автор позволил отступления/размышления в отдельных главах, вовлекая в них будущих врачей, так как даже в эпоху клинических рекомендаций и жёсткого финансового контроля должно быть место для философских убеждений врача. Каждая глава дополнена вопросами для самоконтроля.Пособие предназначено для обучающихся по образовательной программе по специальности 31.05.01 "Лечебное дело" |
| 583 | x | Служебное примечание | Лечебное дело. ВПО | |
| z | Открытое примечание | 31.05.01 | ||
| 650 | 04 | a | Основная рубрика | Медицинские науки-Хирургия-Учебные издания для высших учебных заведений |
| 653 | 0_ | a | Ключевые слова | Антисептики |
| a | Ключевые слова | Анестезиология | ||
| a | Ключевые слова | Анестезия | ||
| a | Ключевые слова | Внутренние болезни | ||
| a | Ключевые слова | Группы крови | ||
| a | Ключевые слова | Кровотечения | ||
| a | Ключевые слова | Кровь | ||
| a | Ключевые слова | Наркоз | ||
| a | Ключевые слова | Хирургия | ||
| 700 | 12 | a | Другие авторы | Шубин А. В. |
| e | Роль лиц | Составитель | ||
| 900 | a | Имя макрообъекта | Сборник лекций по общей хирургии 1 | |
| 901 | t | Тип документа | m | |
| 952 | b | Гриф литературы для ВШ | Рекомендовано Учеб.-метод. советом МАУ | |
| c | Вид литературы | учебное пособие |